|
|
|
|
| LEADER |
01184nam a22002657a 4500 |
| 001 |
40275 |
| 003 |
BD-DhAAL |
| 008 |
221222t2018 bg ||||| |||| 00| 0 ben d |
| 999 |
|
|
|c 45247
|d 45247
|
| 020 |
|
|
|a 9789849300274
|
| 040 |
|
|
|a BD-DhAAL
|c BD-DhAAL
|
| 041 |
|
|
|a ben
|
| 082 |
|
|
|a 954.922
|2 23
|
| 100 |
|
|
|a ভট্টাচার্য, মন্দিরা
|9 53135
|
| 245 |
|
|
|a ঢাকার স্মৃতি ও ডাক্তার নন্দী /
|c মন্দিরা ভট্টাচার্য
|
| 246 |
|
|
|a Dhakar smriti O daktar Nandy
|
| 260 |
|
|
|a ঢাকা :
|b প্রথমা প্রকাশন,
|c ২০১৮.
|
| 300 |
|
|
|a ১১৮ পৃষ্ঠা ;
|c ১৯ সে.মি.
|
| 541 |
|
|
|a Donated By Akbar Ali Khan
|e 40275
|
| 651 |
|
|
|a Dhaka (Bangladesh)
|x History.
|9 53136
|
| 651 |
|
|
|a Dhaka (Bangladesh)
|v Biography.
|9 53137
|
| 651 |
|
|
|a Bangladesh
|x Politics and government.
|9 53138
|
| 852 |
|
|
|a Ayesha Abed Library
|c Akbar Ali Khan Collection
|
| 942 |
|
|
|2 ddc
|c BK
|
| 952 |
|
|
|0 0
|1 0
|2 ddc
|4 0
|6 954_922000000000000_BHA
|7 1
|9 72567
|a BRACUL
|b BRACUL
|c AAKC
|d 2022-12-22
|e Donated by Akbar Ali Khan
|g 200.00
|l 0
|o 954.922 BHA
|p 3010040275
|r 2022-12-22
|t 1
|w 2022-12-22
|y BK
|